000 01183cam a2200301 4500
008 011116n2001 000 0 eng u
020 _a0117536180
035 _a(Sirsi) u115621
050 _a711.309428
110 _aGovernment Office for Yorkshire and the Humber
_91897
245 _aRegional planning guidance for Yorkshire and the Humber (RPG12)
260 _aLondon
_bStationery Office
_c2001
300 _a165p.
_bill
_c2001
350 _a22.00
490 _aRPG
_v12
520 _aSets out the regional planning strategy for Yorkshire and Humberside, providing a framework for the preparation of local authority development and transport plans. View RPG12 at www.goyh.gov.uk.
520 _aSupersedes 1996 edition (ISBN 0117531928).
650 _aHUMBER
650 _aHUMBERSIDE
650 _aPLANNING GUIDANCE
650 _aPLANNING GUIDELINES
650 _aREGIONAL PLANNING GUIDANCE
650 _aRPG12
650 _aYORKSHIRE
690 _aENVIRONMENTAL AND LAND CONSULTANCY-PLANNING AND DEVELOPMENT
856 _uhttps://www.goyh.gov.uk/rpg/revisedrpg.htm
_zView RPG12 on the Government Office for Yorkshire and the Humber website...
942 _n0
999 _c101777
_d101777